Countries Closest to Azerbaijan - Statistics

General Stats
  • This quiz has been taken 533 times
  • The average score is 15 of 18
Answer Stats
Hint Answer % Correct
0km Armenia
98%
0km Georgia
98%
0km Russia
98%
0km Iran
97%
0km Turkey
97%
212km Iraq
94%
178km Turkmenistan
89%
335km Syria
87%
1095km Israel
85%
470km Uzbekistan
83%
227km Kazakhstan
82%
935km Saudi Arabia
82%
822km Ukraine
80%
945km Lebanon
79%
950km Kuwait
77%
875km Jordan
76%
1085km Afghanistan
73%
1010km Cyprus
69%
No matching quizzes found
Score Distribution
Percent of People with Each Score
Percentile by Number Answered
Your Score History
You have not taken this quiz